Вып. 5; Теория трения, смазки и обрабатываемости металлов

Bibliografske podrobnosti
Parent link:Теория трения, смазки и обрабатываемости металлов: сборник статей/ Чувашский государственный университет (ЧГУ). Вып. 5.— , 1972-
Drugi avtorji: Гордон М. Б. (редактор)
Jezik:ruščina
Izdano: 1978
Teme:
Format: MixedMaterials Knjiga
KOHA link:https://koha.lib.tpu.ru/cgi-bin/koha/opac-detail.pl?biblionumber=334234

MARC

LEADER 00000nam2a2200000 4500
001 334234
005 20231102004632.0
035 |a (RuTPU)RU\TPU\book\360265 
035 |a RU\TPU\book\342317 
090 |a 334234 
100 |a 20170717d1978 k y0rusy50 ca 
101 0 |a rus 
102 |a RU 
105 |a a z 001zy 
200 0 |a Вып. 5  |f под ред. М. Б. Гордона 
210 |d 1978 
215 |a 118 с.  |c ил. 
320 |a Библиогр. в конце статей 
461 1 |0 (RuTPU)RU\TPU\book\323358  |t Теория трения, смазки и обрабатываемости металлов  |o сборник статей  |f Чувашский государственный университет (ЧГУ)  |v Вып. 5  |d 1972- 
606 1 |a Машины  |x Трение и износ  |x Математические исследования  |x Расчет  |x Моделирование  |2 stltpush  |3 (RuTPU)RU\TPU\subj\41733  |9 61519 
606 1 |a Смазка  |2 stltpush  |3 (RuTPU)RU\TPU\subj\41732  |9 61518 
610 1 |a металлообработка 
610 1 |a резание 
610 1 |a металлы 
610 1 |a смазочные жидкости 
610 1 |a смазочно-охлаждающие жидкости 
610 1 |a СОЖ 
610 1 |a эффективность 
610 1 |a режущие инструменты 
610 1 |a заточка 
675 |a 621.891  |v 3 
675 |a 621.891  |v 3 
702 1 |a Гордон  |b М. Б.  |4 340 
801 1 |a RU  |b 63413507  |c 20020322  |g PSBO 
801 2 |a RU  |b 63413507  |c 20180207  |g PSBO 
942 |c BK